00330nam a2200145Ia 45000030006000000080041000060400015000471000025000622450025000872500010001122600027001223000006001495460012001550050017001670STCL150530s9999 xx 000 0 und d aSTCLcSTCL aBhabani Bhattacharya aHe who rides a tiger aFirst bArnold Heinemannc1977 a0 aEnglish20220125170642.0